<?xml version="1.0" encoding="UTF-8"?>
<record
    xmlns:xsi="http://www.w3.org/2001/XMLSchema-instance"
    xsi:schemaLocation="http://www.loc.gov/MARC21/slim http://www.loc.gov/standards/marcxml/schema/MARC21slim.xsd"
    xmlns="http://www.loc.gov/MARC21/slim">

  <leader>01839nam a2200373 i 4500</leader>
  <controlfield tag="001">000017011</controlfield>
  <controlfield tag="003">DO-SdBNP</controlfield>
  <controlfield tag="005">20260305073956.0</controlfield>
  <controlfield tag="007">ta</controlfield>
  <controlfield tag="008">100312s1979    dr      r     000 0 spa d</controlfield>
  <datafield tag="040" ind1=" " ind2=" ">
    <subfield code="a">DO-SdBNP</subfield>
    <subfield code="b">spa</subfield>
    <subfield code="c">BNPHU</subfield>
    <subfield code="e">rda</subfield>
  </datafield>
  <datafield tag="041" ind1=" " ind2=" ">
    <subfield code="a">spa</subfield>
  </datafield>
  <datafield tag="082" ind1=" " ind2="4">
    <subfield code="a">323.445</subfield>
    <subfield code="b">F363d</subfield>
    <subfield code="2">22</subfield>
  </datafield>
  <datafield tag="100" ind1="1" ind2=" ">
    <subfield code="a">Fern&#xE1;ndez, Leonel,</subfield>
    <subfield code="d">1953-</subfield>
    <subfield code="e">autor</subfield>
    <subfield code="4">aut.</subfield>
    <subfield code="9">7291</subfield>
  </datafield>
  <datafield tag="245" ind1="1" ind2="3">
    <subfield code="a">El delito de opini&#xF3;n p&#xFA;blica :</subfield>
    <subfield code="b">papel de la ideolog&#xED;a en el derecho de la informaci&#xF3;n /</subfield>
    <subfield code="c">Leonel Fern&#xE1;ndez Reyna.</subfield>
  </datafield>
  <datafield tag="264" ind1=" " ind2=" ">
    <subfield code="a">Santo Domingo, Rep&#xFA;blica Dominicana :</subfield>
    <subfield code="b">UASD,</subfield>
    <subfield code="c">1979.</subfield>
  </datafield>
  <datafield tag="300" ind1=" " ind2=" ">
    <subfield code="a">276 p&#xE1;ginas ;</subfield>
    <subfield code="c">20 cm.</subfield>
  </datafield>
  <datafield tag="336" ind1=" " ind2=" ">
    <subfield code="a">rdacontent</subfield>
    <subfield code="b">texto</subfield>
    <subfield code="2">txt</subfield>
  </datafield>
  <datafield tag="337" ind1=" " ind2=" ">
    <subfield code="a">rdamedia</subfield>
    <subfield code="b">sin mediaci&#xF3;n</subfield>
    <subfield code="2">n</subfield>
  </datafield>
  <datafield tag="338" ind1=" " ind2=" ">
    <subfield code="a">rdacarrier</subfield>
    <subfield code="b">volumen</subfield>
    <subfield code="2">nc</subfield>
  </datafield>
  <datafield tag="490" ind1="1" ind2=" ">
    <subfield code="a">Publicaciones de la Universidad Aut&#xF3;noma de Santo Domingo ;</subfield>
    <subfield code="v">274</subfield>
  </datafield>
  <datafield tag="490" ind1="1" ind2=" ">
    <subfield code="a">Educaci&#xF3;n y sociedad ;</subfield>
    <subfield code="v">10</subfield>
  </datafield>
  <datafield tag="504" ind1=" " ind2=" ">
    <subfield code="a">Incluye bibliograf&#xED;a y notas pie de las p&#xE1;ginas.</subfield>
  </datafield>
  <datafield tag="505" ind1="0" ind2=" ">
    <subfield code="g">Introducci&#xF3;n --</subfield>
    <subfield code="t">I.- La Opini&#xF3;n P&#xFA;blica:</subfield>
    <subfield code="t">La noci&#xF3;n de opini&#xF3;n p&#xFA;blica --</subfield>
    <subfield code="t">Los medios de comunicaci&#xF3;n de masas --</subfield>
    <subfield code="t">La formaci&#xF3;n de la opini&#xF3;n p&#xFA;blica --</subfield>
    <subfield code="t">II.- La Libertad de Opini&#xF3;n:</subfield>
    <subfield code="t">La libertad de opini&#xF3;n: proleg&#xF3;menos de un derecho --</subfield>
    <subfield code="t">La libertad de opini&#xF3;n en Santo Domingo --</subfield>
    <subfield code="t">De la muerte de una libertad al nacimiento de un nuevo derecho --</subfield>
    <subfield code="t">III.- El Delito de Opini&#xF3;n P&#xFA;blica:</subfield>
    <subfield code="t">Los l&#xED;mites de la libertad de opini&#xF3;n.</subfield>
  </datafield>
  <datafield tag="590" ind1=" " ind2=" ">
    <subfield code="a">Inventariado, 2018/BT</subfield>
  </datafield>
  <datafield tag="650" ind1=" " ind2="4">
    <subfield code="a">Libertad de informaci&#xF3;n</subfield>
    <subfield code="9">37564</subfield>
  </datafield>
  <datafield tag="650" ind1=" " ind2="4">
    <subfield code="a">Medios de comunicaci&#xF3;n de masas y opini&#xF3;n p&#xFA;blica</subfield>
    <subfield code="9">37565</subfield>
  </datafield>
  <datafield tag="650" ind1=" " ind2="4">
    <subfield code="a">Opini&#xF3;n p&#xFA;blica</subfield>
    <subfield code="9">423</subfield>
  </datafield>
  <datafield tag="650" ind1=" " ind2="4">
    <subfield code="a">Derecho a la comunicaci&#xF3;n</subfield>
    <subfield code="9">37566</subfield>
  </datafield>
  <datafield tag="830" ind1=" " ind2="0">
    <subfield code="a">Publicaciones de la Universidad Aut&#xF3;noma de Santo Domingo ;</subfield>
    <subfield code="n">274</subfield>
    <subfield code="9">37567</subfield>
  </datafield>
  <datafield tag="830" ind1=" " ind2="0">
    <subfield code="a">Educaci&#xF3;n y sociedad ;</subfield>
    <subfield code="n">10</subfield>
    <subfield code="9">37568</subfield>
  </datafield>
  <datafield tag="910" ind1=" " ind2=" ">
    <subfield code="a">Validado. Control de calidad. EMS</subfield>
  </datafield>
  <datafield tag="942" ind1=" " ind2=" ">
    <subfield code="2">ddc</subfield>
    <subfield code="c">LBS1</subfield>
  </datafield>
  <datafield tag="952" ind1=" " ind2=" ">
    <subfield code="0">0</subfield>
    <subfield code="1">0</subfield>
    <subfield code="2">ddc</subfield>
    <subfield code="5">1</subfield>
    <subfield code="7">0</subfield>
    <subfield code="8">PD</subfield>
    <subfield code="a">BNPHU</subfield>
    <subfield code="b">BNPHU</subfield>
    <subfield code="c">HD</subfield>
    <subfield code="d">2010-03-12</subfield>
    <subfield code="l">0</subfield>
    <subfield code="o">BNPHU PD 323.445 F363d</subfield>
    <subfield code="p">17011-10</subfield>
    <subfield code="r">2020-06-25</subfield>
    <subfield code="w">2020-06-25</subfield>
    <subfield code="y">LBS1</subfield>
    <subfield code="Z">No se presta</subfield>
  </datafield>
  <datafield tag="952" ind1=" " ind2=" ">
    <subfield code="0">0</subfield>
    <subfield code="1">0</subfield>
    <subfield code="2">ddc</subfield>
    <subfield code="5">1</subfield>
    <subfield code="7">0</subfield>
    <subfield code="8">PD</subfield>
    <subfield code="a">BNPHU</subfield>
    <subfield code="b">BNPHU</subfield>
    <subfield code="c">HD</subfield>
    <subfield code="d">2012-09-14</subfield>
    <subfield code="l">0</subfield>
    <subfield code="o">BNPHU PD 323.445 F363d</subfield>
    <subfield code="p">17011-20</subfield>
    <subfield code="r">2020-06-25</subfield>
    <subfield code="t">e.2</subfield>
    <subfield code="w">2020-06-25</subfield>
    <subfield code="y">LBS1</subfield>
    <subfield code="Z">No se presta</subfield>
  </datafield>
  <datafield tag="952" ind1=" " ind2=" ">
    <subfield code="0">0</subfield>
    <subfield code="1">0</subfield>
    <subfield code="2">ddc</subfield>
    <subfield code="5">6</subfield>
    <subfield code="7">0</subfield>
    <subfield code="8">DS</subfield>
    <subfield code="a">BNPHU</subfield>
    <subfield code="b">BNPHU</subfield>
    <subfield code="c">HD</subfield>
    <subfield code="d">2017-12-07</subfield>
    <subfield code="e">Donado por Ilonka Nancidit Perdomo</subfield>
    <subfield code="l">0</subfield>
    <subfield code="o">BNPHU DS 323.445 F363d</subfield>
    <subfield code="p">2025-2293</subfield>
    <subfield code="r">2025-04-01</subfield>
    <subfield code="t">e.3</subfield>
    <subfield code="w">2025-04-01</subfield>
    <subfield code="y">LBS1</subfield>
  </datafield>
  <datafield tag="999" ind1=" " ind2=" ">
    <subfield code="c">16538</subfield>
    <subfield code="d">16538</subfield>
  </datafield>
</record>
